Desaturated Striped Country Flags - Statistics

General Stats
  • This quiz has been taken 6 times
  • The average score is 29 of 52
Answer Stats
Picture Answer % Correct
Russia
100%
Argentina
83%
Croatia
83%
Iran
83%
Senegal
83%
Slovakia
83%
Slovenia
83%
Thailand
83%
Azerbaijan
67%
Belgium
67%
Cameroon
67%
Comoros
67%
Costa Rica
67%
Estonia
67%
France
67%
Germany
67%
Ireland
67%
Italy
67%
Libya
67%
Mexico
67%
Nicaragua
67%
Niger
67%
Serbia
67%
Austria
50%
Bolivia
50%
Chad
50%
Colombia
50%
El Salvador
50%
Gambia
50%
Ghana
50%
Hungary
50%
India
50%
Ivory Coast
50%
Latvia
50%
Mauritius
50%
Netherlands
50%
Peru
50%
Romania
50%
Tajikistan
50%
Ukraine
50%
Uzbekistan
50%
Yemen
50%
Bulgaria
33%
Gabon
33%
Lithuania
33%
Luxembourg
33%
Nigeria
33%
Paraguay
33%
Armenia
17%
Guinea
17%
Mali
17%
Sierra Leone
17%
No matching quizzes found
Score Distribution
Percent of People with Each Score
Percentile by Number Answered
Your Score History
You have not taken this quiz